Bundesliga Managers 2025/2026 - Statistics

General Stats
  • This quiz has been taken 1,887 times
    164 since last reset
  • The average score is 11 of 18
Answer Stats
Team Since Manager % Correct
FC Bayern München 2024 Vincent Kompany
97%
Borussia Dortmund 2025 Niko Kovač
93%
1. FC Heidenheim 2007 Frank Schmidt
75%
Bayer 04 Leverkusen 2025 Erik ten Hag
73%
VfB Stuttgart 2023 Sebastian Hoeneß
71%
Eintracht Frankfurt 2023 Dino Toppmöller
68%
1. FC Union Berlin 2025 Steffen Baumgart
68%
RB Leipzig 2025 Ole Werner
67%
Hamburger SV 2024 Merlin Polzin
64%
1. FC Köln 2025 Lukas Kwasniok
61%
Borussia Mönchengladbach 2023 Gerardo Seoane
59%
SC Freiburg 2024 Julian Schuster
55%
SV Werder Bremen 2025 Horst Steffen
50%
1. FSV Mainz 2024 Bo Henriksen
49%
FC St. Pauli 2024 Alexander Blessin
44%
TSG 1899 Hoffenheim 2024 Christian Ilzer
43%
FC Augsburg 2023 Jess Thorup
31%
VfL Wolfsburg 2025 Paul Simonis
27%
No matching quizzes found
Score Distribution
Percent of People with Each Score
Percentile by Number Answered
Your Score History
You have not taken this quiz since the last reset